نبذة تاريخية عن نجد (رقم التسجيلة. 11953)
[ عرض عادي ]
| 000 -الفاتح | |
|---|---|
| حقل البيانات ثابتة الطول | 01086nam a22002057a 4500 |
| 003 - محدد رقم الضبط | |
| رقم الضبط | OSt |
| 005 - وقت وتاريخ اخر تعامل مع التسجيلة | |
| رقم الضبط | 20150408113900.0 |
| 008 - عناصر البيانات ثابتة الطول - معلومات عامة | |
| حقل البيانات ثابتة الطول | 110728t xxu||||| |||| 00| 0 eng d |
| 040 ## - مصدر الفهرسة | |
| وكالة الفهرسة الأصلية | mu |
| لغة الفهرسة | ara |
| وكالة النسخ | mb |
| 082 ## - رقم تصنيف ديوى العشرى | |
| رقم الطبعة | 21 |
| رقم التصنيف | 953.119 |
| رقم المادة | ر ض ن |
| 100 ## - المدخل الرئيسى - إسم شخصى | |
| الإسم الشخصى | الرشيد، ضاري بن فهيد بن عبيد، |
| 9 (RLIN) | 1310 |
| 245 ## - بيان العنوان | |
| العنوان | نبذة تاريخية عن نجد |
| بيان المسئوليه,etc | ضاري بن فهيد الرشيد ؛ كتبها وديع البستاني ؛ قدم لها وحققها عبد الله الصالح العثيمين. |
| 250 ## - بيان الطبعة | |
| بيان الطبعة | ط1 |
| 260 ## - PUBLICATION, DISTRIBUTION, ETC. (IMPRINT) | |
| مكان الناشر او الموزع | الرياض |
| اسم الناشر او الموزع | الأمانة العامة للاحتفال بمرور مائة عام على تأسيس المملكة : دارة الملك عبد العزيز، |
| تاريخ النشر أو التوزيع | 1999 |
| 300 ## - الوصف المادى | |
| التعداد | 242 ص |
| أبعاد الوعاء | 24 سم |
| 500 ## - تبصرة عامة | |
| تبصرة عامة | أعيد طبع هذا الكتاب بمناسبة الاحتفال بمرور مائة عام على تأسيس المملكة العربية السعودية. |
| 651 ## - المدخل الاضافى بالموضوع - اسم جغرافى | |
| الاسم الجغرافي | نجد (السعودية) |
| التقسيم الفرعي العام | تاريخ |
| 9 (RLIN) | 18 |
| 700 ## - المدخل الاضافى - اسم شخصى | |
| الإسم الشخصى | عبد الله الصالح العثيمين. |
| الدور | محقق |
| 9 (RLIN) | 1311 |
| 942 ## - عناصر المدخل الإضافي( كوها) | |
| مصدر التصنيف او مخطط الترفيف | Dewey Decimal Classification |
| Koha [default] item type | كتاب |
| حالة الفقد | نموذج السعر الفعال | حالة تلف | ليس للاعارة | رقم الطلب | تاريخ الاكتساب | الموقع الحالي | الباركود | الفرع الرئيسي | Date last checked out | Date last seen | نوع المادة فى نظام كوها | مصدر التصنيف او خطة الترفيف | Total Checkouts |
|---|---|---|---|---|---|---|---|---|---|---|---|---|---|
| 2013-03-10 | 953.119 ر ض ن | 2011-07-28 | المكتبة المركزية بالمجمعة (CL) | 00024884 | مكتبة مجمع الطالبات بالمجمعة (EMF) | 2024-11-20 | 2024-11-28 | كتاب | Dewey Decimal Classification | 1 | |||
| 2013-03-10 | 953.119 ر ض ن | 2011-12-04 | مكتبة كلية التربية بالزلفى - طالبات (EZF) | 00002646 | مكتبة كلية التربية بالزلفى - طالبات (EZF) | 2013-03-10 | كتاب | Dewey Decimal Classification |
